| 000 | 00437nam a2200193Ia 4500 | ||
|---|---|---|---|
| 008 | 170918s9999 xx 000 0 und d | ||
| 020 | _a439384095 | ||
| 050 | _bB879 1993 | ||
| 100 | _aBrown, Marc | ||
| 245 | _aD.W. rides again! / | ||
| 245 | _cMarc Brown. | ||
| 260 | _aNew York : | ||
| 260 | _bScholastic, | ||
| 260 | _c1993 | ||
| 300 | _aunpaged : | ||
| 300 | _bcolored illustration ; | ||
| 300 | _c20cm. | ||
| 500 | _a310 | ||
| 999 |
_c341201 _d341201 |
||